Central Library and Information Centre
Sibsagar Girls' College, Sivasagar : Assam

10001 WORDS YOU NEED TO KNOW AND USE : A-Z OF EFFECTIVE VOCABULARY (Record no. 21865)

MARC details
000 -LEADER
fixed length control field 00615cam a2200205ua 4500
008 - FIXED-LENGTH DATA ELEMENTS--GENERAL INFORMATION
fixed length control field 160216n2014 II |||gr||||Z||||||eng
040 ## - CATALOGING SOURCE
Original cataloging agency MAIN
041 ## - LANGUAGE CODE
-- English
082 ## - DEWEY DECIMAL CLASSIFICATION NUMBER
Classification number 028.7 MAN
100 ## - MAIN ENTRY--PERSONAL NAME
Personal name MANSER, MARTIN H.
245 ## - TITLE STATEMENT
Title 10001 WORDS YOU NEED TO KNOW AND USE : A-Z OF EFFECTIVE VOCABULARY
250 ## - EDITION STATEMENT
Edition statement REP.
260 ## - PUBLICATION, DISTRIBUTION, ETC.
Place of publication, distribution, etc. NEW DELHI
Name of publisher, distributor, etc. OXFORD UNIVERSITY PRESS
Date of publication, distribution, etc. 2014
300 ## - PHYSICAL DESCRIPTION
Extent 166:
Dimensions 18CM.
500 ## - GENERAL NOTE
General note MRP BOOK - Minor Research Project by Dr. Rantu Gohain, Education Deptt,SGC,03-05-2016
700 ## - ADDED ENTRY--PERSONAL NAME
Personal name MANSER, MARTIN H.,
Relator term Author.
942 ## - ADDED ENTRY ELEMENTS (KOHA)
Koha item type Books
653 ## - INDEX TERM--UNCONTROLLED
Uncontrolled term Reference Books
Holdings
Withdrawn status Lost status Damaged status Not for loan Collection code Home library Current library Shelving location Date acquired Full call number Barcode Date last seen Copy number Price effective from Koha item type
        TBASM Central Library and Information Centre Sibsagar Girls College Central Library and Information Centre Sibsagar Girls College Location Not Found 03.05.2016 028.7 MAN 33180 27.02.2020 1 27.02.2020 Books


Sibsagar Girl's College © 2020. All rights reserved.
Powered by Koha.
Maintained by Abhijit Borpuzari.